Kpop Songs by the Alphabet (5th gen vers.) - Statistics

General Stats
  • This quiz has been taken 125 times
  • The average score is 11 of 26
Answer Stats
Letter Group Song % Correct
E Type "nothing" nothing
84%
O Type "nothing" nothing
84%
Q Type "nothing" nothing
84%
V Type "nothing" nothing
84%
F CORTIS FaSHioN
80%
J ILLIT Jellyous
75%
G Riize Get a Guitar
58%
H Babymonster Hot Sauce
55%
I KiiiKiii I DO ME
52%
M izna Mamma Mia
52%
X Young Posse XXL
52%
B MEOVV Body
47%
C ZEROBASEONE Crush
31%
N BOYNEXTDOOR Nice Guy
30%
P Hearts2Hearts Pretty Please
30%
S Unis Swicy
29%
Z BADVILLAIN Zoom
28%
A TRIPLES Are you Alive ?
27%
R Ifeye r u okay ?
27%
K Kiss Of Life k bye
22%
D PLAVE Dash
19%
T xikers Tricky House
19%
L TWS Lucky to be Loved
13%
U Rescene UhUh
12%
W MAVE: What's My Name
11%
Y Young Posse YOUNG POSSE UP
11%
No matching quizzes found
Score Distribution
Percent of People with Each Score
Percentile by Number Answered
Your Score History
You have not taken this quiz